| 000 -LEADER |
| fixed length control field |
01113pab a2200145 454500 |
| 008 - FIXED-LENGTH DATA ELEMENTS--GENERAL INFORMATION |
| fixed length control field |
180718b xxu||||| |||| 00| 0 eng d |
| 100 ## - MAIN ENTRY--PERSONAL NAME |
| Personal name |
Bhat R.L. |
| 245 ## - TITLE STATEMENT |
| Title |
Internal migration of human capital in India |
| 362 ## - DATES OF PUBLICATION AND/OR SEQUENTIAL DESIGNATION |
| Dates of publication and/or sequential designation |
29(2) Jul-Sep 1993, p.1-24 |
| 520 ## - SUMMARY, ETC. |
| Summary, etc. |
The study of internal migration of human capital in a country like India, with its vast magnitude of educated and trained human resources, is always interesting. An analysis of the extent of internal geographical mobility amongst the degree holders in the three professional disciplines of i) Medicine; ii) Engineering and Technology; and iii) Agricultural Sciences and three non-professional discipline of i) Social sciences; ii) Languages; and iii) Commerce is presented here. The States from which the outmigration of these skills has taken place and the States that have attracted them have been identified. An investigation into the possible reasons for outmigration of the highly educated manpower belonging to th |
| 650 ## - SUBJECT ADDED ENTRY--TOPICAL TERM |
| Topical term or geographic name entry element |
Migration -- India |
| 650 ## - SUBJECT ADDED ENTRY--TOPICAL TERM |
| Topical term or geographic name entry element |
Emmigration and Immigration -- India |
| 773 ## - HOST ITEM ENTRY |
| Main entry heading |
Manpower Journal |
| 909 ## - |
| -- |
26713 |